Statistics for Largest Fish Eating Countries

Click here to take the quiz!

General Stats

  • This quiz has been taken 59 times
  • The average score is 6 of 10

Answer Stats

TonnesAnswer% Correct
730,738Japan
98%
2,035,262China
93%
135,624Indonesia
89%
486,967India
85%
1,148,778Vietnam
80%
324,789Malaysia
67%
217,102Mexico
65%
1,501,415Myanmar
52%
124,861Mozambique
6%
162,782Cote D Ivoire
0%

Score Distribution

Percentile by Number Answered

Percent of People with Each Score

Your Score History

You have not taken this quiz